000 01018nam0a22002771 4500
001 rc\4112807
005 20260406120353.0
021 _aRU
_b[50-24642]
035 _a(NLR Aleph) 007978571
090 _a8505256
_c8505256
100 _a20130415d1950 |||y0rusy50 ca
101 0 _arus
102 _aRU
105 _aa z |||||
200 1 _aЦыгане
_fРис. Н. Альтмана
210 _aЛенинград
_cПушкинское о-во
_d[1950]
_gТип. № 2 Упр. изд. и полиграфии
215 _a16 с.
_cил.
_d23
300 _aПеред загл. авт.: А.С. Пушкин
700 1 _8rus
_7ca
_aПушкин
_bА. С.
_cпоэт
_f1799-1837
_gАлександр Сергеевич
_3RU\NLR\AUTH\77386
_9110441
702 1 _4440
_8rus
_7ca
_aАльтман
_bН. И.
_gНатан Исаевич
_f1889-1970
_3RU\NLR\AUTH\7740003
_922959
801 0 _aRU
_bNLR
_gpsbo
801 1 _aRU
_bELAR
_2rusmarc
852 _aNLR
_jПушкин/2-Ц-94-38
942 _cBOOK
980 _aNB